| 000 | 01071nam a22003257a 4500 | ||
|---|---|---|---|
| 003 | CHAP | ||
| 005 | 20220329140731.0 | ||
| 008 | 971013s1962 r 00010 d | ||
| 010 | _a56743 | ||
| 011 | _a57715 | ||
| 035 | _a61870 | ||
| 040 | _cCHAP | ||
| 090 | _aFolleto 5227y | ||
| 100 | 0 | 0 |
_aZurn, Franz. _9124308 |
| 245 | 1 |
_aFertilización del agostadero _b: reportes de experiencias logradas en distintos ámbitos de la tierra |
|
| 260 |
_aHannover : _bVerlangsgesellschaft fur Ackerbau, _c1962 |
||
| 300 |
_a135 p. _b: ilus. |
||
| 490 |
_aBoletín verde _v; 13 |
||
| 590 |
_aBATCH-UPD _b10 _c20130110 _lUCH01 _h0553 |
||
| 590 |
_aBATCH-UPD _b10 _c20130110 _lUCH01 _h2313 |
||
| 590 |
_aBATCH-UPD _b10 _c20130410 _lUCH01 _h0234 |
||
| 590 |
_aBATCH-UPD _b10 _c20130914 _lUCH01 _h1427 |
||
| 590 |
_aCONVERSION _b10 _c20130109 _lUCH01 _h1330 |
||
| 650 | 1 | 4 |
_aFertilizantes _xEfecto en pastos. _940536 |
| 650 | 1 | 4 |
_aPastos. _985986 |
| 830 | 0 |
_aBoletín verde _v; 13 _913566 |
|
| 901 | _aBK | ||
| 942 | _cLIBRO | ||
| 949 |
_aFolleto 5227y _bBC _cFOLL _d-132780 _eLIBRO _i61870 _mD _si |
||
| 999 |
_c56743 _d56743 |
||